Doce Mil Grandes (vol. 9): (Record no. 20522)

MARC details
000 -CABECERA
campo de control de longitud fija 00830nam a2200241 4500
003 - IDENTIFICADOR DEL NÚMERO DE CONTROL
campo de control OSt
005 - FECHA Y HORA DE LA ÚLTIMA TRANSACCIÓN
campo de control 20260601171012.0
008 - DATOS DE LONGITUD FIJA--INFORMACIÓN GENERAL
campo de control de longitud fija 260506b1982\\\\|||a||||\||||\00|\0\spa\d
020 ## - NÚMERO INTERNACIONAL ESTÁNDAR DEL LIBRO
Número Internacional Estándar del Libro 9683402127
040 ## - FUENTE DE LA CATALOGACIÓN
Centro catalogador/agencia de origen ICI
Lengua de catalogación spa
Centro/agencia transcriptor ICI
050 ## - SIGNATURA TOPOGRÁFICA DE LA BIBLIOTECA DEL CONGRESO
Número de clasificación CT103
Número de documento/Ítem D65
100 #1 - ENTRADA PRINCIPAL--NOMBRE DE PERSONA
Nombre de persona Ramos Smith, Maya
9 (RLIN) 33208
245 #1 - MENCIÓN DE TÍTULO
Título Doce Mil Grandes (vol. 9):
Resto del título Enciclopedia Biográfica Universal, Promexa: Encuentros con los genios de todos los tiempos: Diseño y fotografía
Mención de responsabilidad, etc. Maya Ramos Smith; Sergio Torres Franco
264 ## - PRODUCCIÓN, PUBLICACIÓN, DISTRIBUCIÓN, FABRICACIÓN Y COPYRIGHT
Nombre del de productor, editor, distribuidor, fabricante PROMEXA
Fecha de producción, publicación, distribución, fabricación o copyright 1982
Producción, publicación, distribución, fabricación y copyright México
300 ## - DESCRIPCIÓN FÍSICA
Extensión 232 páginas
336 ## - TIPO DE CONTENIDO
Término de tipo de contenido texto
Fuente rdacontent
337 ## - TIPO DE MEDIO
Nombre/término del tipo de medio sin medio
Fuente rdamedia
338 ## - TIPO DE SOPORTE
Nombre/término del tipo de soporte volumen
Fuente rdacarrier
650 ## - PUNTO DE ACCESO ADICIONAL DE MATERIA--TÉRMINO DE MATERIA
Término de materia o nombre geográfico como elemento de entrada Diseñadores
Subdivisión de forma Biografía
-- Diccionarios
9 (RLIN) 33209
650 ## - PUNTO DE ACCESO ADICIONAL DE MATERIA--TÉRMINO DE MATERIA
Término de materia o nombre geográfico como elemento de entrada Diseño
Subdivisión general Historia
9 (RLIN) 1572
700 ## - PUNTO DE ACCESO ADICIONAL--NOMBRE DE PERSONA
Nombre de persona Sergio Torres Franco
Término indicativo de función/relación Autor
9 (RLIN) 33210
942 ## - ELEMENTOS DE PUNTO DE ACCESO ADICIONAL (KOHA)
Fuente del sistema de clasificación o colocación Library of Congress Classification
Tipo de ítem Koha Libros
Suprimir en OPAC 1

No items available.